000 00979nam a2200229Ia 4500
001 L232-7058
003 IT-CnALBA
008 170116s9999||||xx |||||||||||||| ||und||
040 _aIT-CnALBA
_cIT-CnALBA
041 _aITALIANO
100 _aCANOPI ANNA MARIA, OSB.
245 0 _aIL MISTERO EUCARISTICO.
250 _a1a ed.
260 _aROMA
_bAVE, ANONIMA VERITA'S EDITRICE
_c1968 [1° Ed.:1968 - Ed.Ling.Originale: 1968]
300 _a128 p. (prefazione: 3)
500 _aTESTO DI CULTURA RELIGIOSA PER L'ANNO 1968 1969. LA PASQUA D'ISRAELE E LA PASQUA CRISTIANA. LA PASQUA DELLA CHIESA E LA PASQUA DEL MONDO.
501 _aSocietà San Paolo EM - Piazza San Paolo, 14 - 12051 ALBA (CN) (non commercial uses only) ® Copyright 2017
520 _aTESTO DI CULTURA RELIGIOSA PER L'ANNO 1968 1969. LA PASQUA D'ISRAELE E LA PASQUA CRISTIANA. LA PASQUA DELLA CHIESA E LA PASQUA DEL MONDO.
650 _aVITA E MISTERO DI CRISTO
942 _cBK
957 _71
999 _a8034
_bNO
_g Copie: 1
_c266240
_d266240